=LDR 00000nam 2200000 4500 =001 NUTBA000000000002592 =005 20140621122022.0 =006 =007 =008 =020 ##$$a 979-24-4135-2 =035 ##$$a 0010-061400000000535 =082 ##$$a 639.75 =100 ##$$a PPLH.seloliman =245 ##$$a cacing menjijikkan tapi menghasilkan =250 ##$$a Cet. II =260 ##$$a jakarta timur, 2011 $b cv.citraunggul laksana $c 2011 =300 ##$$a 48 hlm $b ilus $c 23 cm =990 ##$$a 21400613/BPAP-NTB/20142014